000 00591nam a2200229Ia 4500
003 OSt
005 20220918231400.0
006 a|||||r|||| 00| 0
007 ta
008 220917b |||||||| |||| 00| 0 eng d
024 _a278,933
037 _cTextual
040 _aARTS
_cARTS
_beng
041 _2eng
_aeng
082 _aP122, L3
100 _aMiege Jean Louis
_9154407
245 0 _aExpansion Europeenne et decolonisation de 1870 a nos jours
260 _c1973
300 _a414p.
_ccm.
942 _hP122, L3
_cTEXL
_2CC
999 _c290831
_d290831